Una locura (Record no. 137471)

MARC details
000 -LEADER
campo de control de longitud fija 00559nam a2200157 4500
001 - NÚMERO DE CONTROL
campo de control 137471
003 - IDENTIFICADOR DE NÚMERO DE CONTROL
campo de control ES-MaACL
005 - FECHA Y HORA DE LA ÚLTIMA TRANSACCIÓN
campo de control 20230906195359.0
007 - CAMPO FIJO DE DESCRIPCIÓN FÍSICA--INFORMACIÓN GENERAL
campo de control de longitud fija t|
008 - DATOS DE LONGITUD FIJA--INFORMACIÓN GENERAL
campo de control de longitud fija 070214s1973 sp r ||||1| spa d
100 1# - ENTRADA PRINCIPAL--NOMBRE DE PERSONA
Nombre de persona Sánchez Baeza, Emilio.
9 (RLIN) 102477
245 14 - MENCIÓN DEL TÍTULO
Título Una locura
Resto del título : relato escenificado de la construcción de la iglesia parroquial de la Purísima Concepción de Javalí : viejo (Murcia), años 1955-1956 /
Mención de responsabilidad, etc. Emilio Sánchez Baeza.
260 ## - PUBLICACIÓN, DISTRIBUCIÓN, ETC.
Lugar de publicación, distribución, etc. Murcia :
Nombre del editor, distribuidor, etc. Nogués,
Fecha de publicación, distribución, etc. 1973.
300 ## - DESCRIPCIÓN FÍSICA
Extensión 89 p. ;
Dimensiones 22 cm.
852 ## - LOCALIZACIÓN
Ubicación ES-MaACL
Número de control de estantería C-55988
Sublocalización o colección R.88655
Holdings
Estatus retirado Estado de pérdida Estado de daño No para préstamo Biblioteca de origen Biblioteca actual Ubicación en estantería Fecha de adquisición Fuente de adquisición Total de préstamos Signatura topográfica completa Código de barras Visto por última vez Precio de reemplazo Tipo de ítem Koha
        Biblioteca del Ateneo de Madrid Biblioteca del Ateneo de Madrid Depósito 2 17/01/2008     C-55988 1143059 23/02/2023 23/02/2023 Libro impreso